Eco-biology of aquatic insects / (Record no. 2313)

000 -LEADER
fixed length control field 00474nam a22001697a 4500
008 - FIXED-LENGTH DATA ELEMENTS--GENERAL INFORMATION
fixed length control field 200221b ||||| |||| 00| 0 eng d
020 ## - INTERNATIONAL STANDARD BOOK NUMBER
International Standard Book Number 9788170355489
082 00 - DEWEY DECIMAL CLASSIFICATION NUMBER
Classification number 595.709
Item number K9637
100 ## - MAIN ENTRY--PERSONAL NAME
9 (RLIN) 1893
Personal name Kumar, A.
245 10 - TITLE STATEMENT
Title Eco-biology of aquatic insects /
250 ## - EDITION STATEMENT
Edition statement 1st ed.
260 ## - PUBLICATION, DISTRIBUTION, ETC. (IMPRINT)
Place of publication, distribution, etc Delhi,
Name of publisher, distributor, etc Daya Publication:
Date of publication, distribution, etc 2008.
300 ## - PHYSICAL DESCRIPTION
Extent xi,247p.
650 #0 - SUBJECT ADDED ENTRY--TOPICAL TERM
Topical term or geographic name as entry element Aquatic Biodiversity
700 ## - ADDED ENTRY--PERSONAL NAME
9 (RLIN) 5453
Personal name Kaur, H
Relator term editor
942 ## - ADDED ENTRY ELEMENTS (KOHA)
Item type Books
Holdings
Withdrawn status Lost status Source of classification or shelving scheme Damaged status Not for loan Permanent location Current location Date acquired Source of acquisition Full call number Barcode Date last seen Cost, replacement price Koha item type
          IMU Kolkata IMU Kolkata 2009-03-30 R. B. Enterprises 595.709 K9637 10752 2020-02-21 850.00 Books
Designed and Maintained by IMU-KC Library, Kolkata Campus © Copyright All Rights Reserved

webs counters

Powered by Koha